000 00350nam a2200133Ia 4500
008 240624s9999 xx 000 0 und d
041 _aeng
082 _a658.5 KRI
100 _aKRISHNASWAMY K N
245 _aCASES IN PRODUCTION AND OPERATIONS MANAG
260 _c2002
_aNew Delhi
_bPrentice-Hall
300 _aviii, : 294 : p. : cm. ; 24
365 _cRS
999 _c452
_d452